| 000 | 00000nas 2200000za 4500 |
| 001 | 9.501439 |
| 003 | CaOODSP |
| 005 | 20230404144951 |
| 007 | cr ||||||||||| |
| 008 | 150406d19972003xxc|| p o||||f| |0fre|d |
| 022 | |a1486-8318 |
| 040 | |aCaOODSP|bfre |
| 043 | |an-cn--- |
| 086 | 1 |aEn1-28/1F-PDF |
| 110 | 1 |aCanada. |bEnvironnement Canada, |eauteur, |eorganisme de publication. |
| 245 | 10|aBulletin science et environnement |h[ressource électronique] |
| 246 | 1 |iTitre de renvoi : |aScience et environnement, bulletin |
| 260 | |aOttawa - Ontario : |bEnvironnement Canada |
| 310 | |aBimestriel |
| 362 | 1 |aParaît depuis [Décembre 1997]; ne paraît plus après n° 34, mars/avril 2003. |
| 500 | |a«Présentera des informations importantes et d'actualité sur des sujets, comme les changement climatiques, le smog, la nature et les produits toxiques.»--Page 1. |
| 520 | 3 |aPrésentera des informations importantes et d'actualité sur des sujets, comme les changement climatiques, le smog, la nature et les produits toxiques.--Page 1 |
| 775 | 08|tScience and the environment bulletin |w(CaOODSP)9.505040 |
| 776 | 0#|tScience and the environment bulletin |w(CaOODSP)9.508404 |
| 776 | 0#|tScience et environnement, bulletin |w(CaOODSP)9.508405 |